L'Europe centrale (Record no. 115916)

MARC details
000 -LEADER
campo de control de longitud fija 00627nam a2200169 4500
001 - NÚMERO DE CONTROL
campo de control 115916
003 - IDENTIFICADOR DE NÚMERO DE CONTROL
campo de control ES-MaACL
005 - FECHA Y HORA DE LA ÚLTIMA TRANSACCIÓN
campo de control 20230906190606.0
007 - CAMPO FIJO DE DESCRIPCIÓN FÍSICA--INFORMACIÓN GENERAL
campo de control de longitud fija t|
008 - DATOS DE LONGITUD FIJA--INFORMACIÓN GENERAL
campo de control de longitud fija 061121s1916 fr r ||||1| fre d
100 1# - ENTRADA PRINCIPAL--NOMBRE DE PERSONA
Nombre de persona Naumann, Friedrich.
9 (RLIN) 85011
245 12 - MENCIÓN DEL TÍTULO
Título L'Europe centrale
Resto del título : Suivi de : La Bulgarie et l'Europe centrale /
Mención de responsabilidad, etc. Friedrich Naumann ; traduit de l'allemand par l'Argus suisse de la Presse a Genève ; preface de l'edition francaise par S. Grumbach.
260 ## - PUBLICACIÓN, DISTRIBUCIÓN, ETC.
Lugar de publicación, distribución, etc. Neuchâtel :
Nombre del editor, distribuidor, etc. Delachaux & Niestlé,
Fecha de publicación, distribución, etc. [1917]
300 ## - DESCRIPCIÓN FÍSICA
Extensión XXVI, 396 p. ;
Dimensiones 24 cm.
700 1# - ENTRADA AGREGADA--NOMBRE PERSONAL
Nombre de persona Grumbach, S.
9 (RLIN) 60238
852 ## - LOCALIZACIÓN
Ubicación ES-MaACL
Número de control de estantería C-1954
Holdings
Estatus retirado Estado de pérdida Estado de daño No para préstamo Biblioteca de origen Biblioteca actual Ubicación en estantería Fecha de adquisición Fuente de adquisición Total de préstamos Signatura topográfica completa Código de barras Visto por última vez Precio de reemplazo Tipo de ítem Koha
        Biblioteca del Ateneo de Madrid Biblioteca del Ateneo de Madrid Sala Palomar 17/01/2008     C-1954 1120880 23/02/2023 23/02/2023 Libro impreso